UBT Library

The complete idiot's guide to dealing with difficult employees / (Record no. 40531)

000 -LEADER
fixed length control field 00886cam a2200277 a 4500
001 - CONTROL NUMBER
control field 12200943
005 - DATE AND TIME OF LATEST TRANSACTION
control field 20180119040326.0
008 - FIXED-LENGTH DATA ELEMENTS--GENERAL INFORMATION
fixed length control field 001012s2000 inua b 001 0 eng d
010 ## - LIBRARY OF CONGRESS CONTROL NUMBER
LC control number 00709597
020 ## - INTERNATIONAL STANDARD BOOK NUMBER
International Standard Book Number 0028633709
035 ## - SYSTEM CONTROL NUMBER
System control number (OCoLC)ocm44442663
040 ## - CATALOGING SOURCE
Original cataloging agency ORX
Transcribing agency ORX
Modifying agency ZQP
-- DPL
-- DLC
041 ## - LANGUAGE CODE
Language code of text/sound track or separate title eng
042 ## - AUTHENTICATION CODE
Authentication code lccopycat
080 ## - UNIVERSAL DECIMAL CLASSIFICATION NUMBER
Universal Decimal Classification number 658.3045 BAC
082 00 - DEWEY DECIMAL CLASSIFICATION NUMBER
Classification number 658.3045 BAC
Edition number 21
100 1# - Rafti
Rafti 52
101 ## - Shkurtesa
Shkurtesa PUN
245 14 - TITLE STATEMENT
Title The complete idiot's guide to dealing with difficult employees /
Statement of responsibility, etc Robert Bacal.
246 30 - VARYING FORM OF TITLE
Title proper/short title Complete idiot's guide
246 30 - VARYING FORM OF TITLE
Title proper/short title Dealing with difficult employees
504 ## - BIBLIOGRAPHY, ETC. NOTE
Bibliography, etc Includes bibliographical references and index.
906 ## - LOCAL DATA ELEMENT F, LDF (RLIN)
a 7
b cbc
c copycat
d 2
e ncip
f 20
g y-gencatlg
942 ## - ADDED ENTRY ELEMENTS (KOHA)
Source of classification or shelving scheme
Item type Books
Holdings
Withdrawn status Lost status Source of classification or shelving scheme Damaged status Not for loan Collection code Permanent location Current location Shelving location Date acquired Total Checkouts Full call number Barcode Date last seen Price effective from Koha item type
          Koleksioni i përgjithshem UBT - Lipjan UBT - Lipjan Koleksioni i përgjithshem 01/19/2018   658.3045 BAC 002-2995720 01/19/2018 01/19/2018 Books
UBT Library © 2015-2024. All rights reserved University Education for Business and Technology